[Event "Thüringenliga 2012/2013"]
[Site "?"]
[Date "2012.11.04"]
[Round "2"]
[White "Trautmann, Johannes"]
[Black "Römer, Norbert"]
[Result "1-0"]
[WhiteElo "1739"]
[BlackElo "1881"]
[PlyCount "91"]
[EventDate "2012.??.??"]
[WhiteTeam "SV Empor Erfurt"]
[BlackTeam "TSG Apolda"]

1. c4 e5 2. Nc3 Nc6 3. g3 g6 4. Bg2 Bg7 5. Nf3 Nf6 6. O-O O-O 7. d3 h6 8. Rb1
Qe7 9. Ne1 d6 10. Nc2 Bf5 11. Ne3 Be6 12. Ned5 Bxd5 13. Nxd5 Nxd5 14. Bxd5 Nd8
15. b4 c6 16. Bg2 f5 17. b5 c5 18. Bd5+ Kh7 19. e3 Ne6 20. Bb2 Rad8 21. Qa4 b6
22. Bxe6 Qxe6 23. Qxa7 d5 24. Qa4 f4 25. exf4 Qh3 26. Bxe5 Rf5 27. Qc2 Bxe5 28.
fxe5 dxc4 29. dxc4 Rxe5 30. Rfe1 Qe6 31. Qc3 Rd4 32. Rxe5 Qxe5 33. Re1 Qg7 34.
Qc2 Qd7 35. Qe2 Qf7 36. Qe7 Kg7 37. Re6 Qxe7 38. Rxe7+ Kf6 39. Rb7 Rd6 40. Kg2
Ke5 41. Rc7 g5 42. a4 Rd4 43. a5 bxa5 44. Rxc5+ Ke4 45. b6 Rd6 46. b7 1-0

[Event "Thüringenliga 2012/2013"]
[Site "?"]
[Date "2012.11.04"]
[Round "2"]
[White "Einax, Claus-Dieter"]
[Black "Strauch, Martin"]
[Result "1-0"]
[WhiteElo "1834"]
[BlackElo "1772"]
[PlyCount "38"]
[EventDate "2012.??.??"]
[WhiteTeam "TSG Apolda"]
[BlackTeam "SV Empor Erfurt"]

1. e4 d6 2. d4 Nf6 3. Nc3 g6 4. Nf3 Bg7 5. Bc4 O-O 6. O-O Nxe4 7. Bxf7+ Rxf7 8.
Nxe4 Nc6 9. c3 Kh8 10. Nfg5 Rf5 11. Qg4 Qg8 12. Qh4 Bd7 13. Be3 Na5 14. b3 Nc6
15. Rad1 e6 16. Rd3 Ne7 17. g4 Rff8 18. Bd2 h6 19. Rh3 Qh7 1-0

[Event "Thüringenliga 2012/2013"]
[Site "?"]
[Date "2012.11.04"]
[Round "2"]
[White "Nicolai, Tim"]
[Black "Krug, Klaus-Peter"]
[Result "1-0"]
[WhiteElo "1685"]
[BlackElo "1895"]
[PlyCount "105"]
[EventDate "2012.??.??"]
[WhiteTeam "SV Empor Erfurt"]
[BlackTeam "TSG Apolda"]

1. e4 c5 2. Nf3 d6 3. d4 cxd4 4. Nxd4 Nf6 5. Nc3 a6 6. f4 Bg4 7. Be2 Bxe2 8.
Qxe2 Qb6 9. Nb3 e6 10. Be3 Qc7 11. O-O-O Nbd7 12. g4 Nb6 13. g5 Nfd7 14. f5 Ne5
15. fxe6 fxe6 16. Qh5+ g6 17. Qh3 Nbc4 18. Qxe6+ Qe7 19. Qh3 Qd7 20. Qxd7+ Kxd7
21. Bd4 Be7 22. Nc5+ Kc6 23. Ne6 Kd7 24. Nc5+ Kc6 25. Nd3 Bxg5+ 26. Kb1 Nxd3
27. cxd3 Ne5 28. Nd5 Rhf8 29. h4 Bd8 30. h5 g5 31. Rh2 Nf3 32. Rc2+ Kd7 33. Bb6
g4 34. Bxd8 Kxd8 35. Nc7 Nd4 36. Nxa8 Nxc2 37. Kxc2 Rf2+ 38. Kc3 g3 39. Rg1 Rf3
40. Nb6 Ke7 41. Nc4 b5 42. Nd2 b4+ 43. Kd4 Rf2 44. Ke3 Rh2 45. Rxg3 Rxh5 46.
Nf3 Ra5 47. Rg7+ Kf6 48. Rxh7 Rxa2 49. b3 a5 50. Ra7 Ra3 51. Nd2 Ke6 52. Kd4
Ra2 53. Nc4 1-0

[Event "Thüringenliga 2012/2013"]
[Site "?"]
[Date "2012.11.04"]
[Round "2"]
[White "Siegl, Detlef"]
[Black "Thiemann, Jürgen"]
[Result "1/2-1/2"]
[WhiteElo "1796"]
[BlackElo "1702"]
[PlyCount "99"]
[EventDate "2012.??.??"]
[WhiteTeam "TSG Apolda"]
[BlackTeam "SV Empor Erfurt"]

1. e4 c6 2. d4 d5 3. exd5 cxd5 4. Bd3 Nf6 5. h3 Qc7 6. Nf3 Nc6 7. c3 e6 8. O-O
Bd6 9. Re1 Bf4 10. Nbd2 O-O 11. Qc2 Bd7 12. Nf1 Rac8 13. Qe2 Bxc1 14. Raxc1 Qf4
15. N1d2 g6 16. g3 Qh6 17. h4 Qh5 18. Bb1 Ng4 19. Qd3 Kg7 20. Bc2 a6 21. Bd1
Qf5 22. Qxf5 gxf5 23. Bc2 Rc7 24. Bd3 Rfc8 25. Ra1 Kf6 26. Nb3 Kg7 27. Nc5 h6
28. Bf1 Nf6 29. Nd3 Rg8 30. Bg2 Ng4 31. Re2 Bc8 32. Nfe5 Nf6 33. Nxc6 Rxc6 34.
Ne5 Rc7 35. Rc1 Rd8 36. Bf1 Ne8 37. Rec2 Bd7 38. Kg2 Nd6 39. f3 Bb5 40. Bxb5
Nxb5 41. f4 Rdc8 42. Nf3 Nd6 43. Re2 Rc4 44. Rce1 Ne4 45. Ne5 R4c7 46. Rg1 h5
47. Nf3 Kf6 48. Ne5 Ke7 49. Re3 Kf6 50. Nf3 1/2-1/2

[Event "Thüringenliga 2012/2013"]
[Site "?"]
[Date "2012.11.25"]
[Round "3"]
[White "Goemann, Jens"]
[Black "Langheinrich, Ferenc"]
[Result "1/2-1/2"]
[WhiteElo "2103"]
[BlackElo "2330"]
[PlyCount "37"]
[EventDate "2012.??.??"]
[WhiteTeam "TSG Apolda"]
[BlackTeam "SC 51 Nordhausen"]

1. c4 Nf6 2. g3 g6 3. Bg2 Bg7 4. Nf3 O-O 5. O-O d6 6. Nc3 Nc6 7. d3 e5 8. Rb1
a5 9. a3 h6 10. b4 axb4 11. axb4 Nh5 12. b5 Ne7 13. Bb2 f5 14. Nd2 c6 15. Ra1
Rb8 16. Qb3 Be6 17. Ra7 Nc8 18. Ra2 Ne7 19. Ra7 1/2-1/2

[Event "Thüringenliga 2012/2013"]
[Site "?"]
[Date "2012.11.25"]
[Round "3"]
[White "Kuntze, Andreas"]
[Black "Rohmeiß, Roberto"]
[Result "1/2-1/2"]
[WhiteElo "2020"]
[BlackElo "2032"]
[PlyCount "52"]
[EventDate "2012.??.??"]
[WhiteTeam "SC 51 Nordhausen"]
[BlackTeam "TSG Apolda"]

1. e4 c6 2. f4 d5 3. Nf3 Bg4 4. e5 e6 5. Be2 Qb6 6. c3 c5 7. Na3 Nc6 8. Nc2 Rc8
9. d3 f6 10. exf6 Nxf6 11. Ng5 Bxe2 12. Qxe2 Nd8 13. f5 h6 14. Nxe6 Nxe6 15.
Qxe6+ Qxe6+ 16. fxe6 Rc6 17. Bf4 Rxe6+ 18. Kd2 Bd6 19. Bxd6 Rxd6 20. Rae1+ Kf7
21. Rhf1 Re8 22. Rxe8 Kxe8 23. Ne3 Rb6 24. Kc2 Re6 25. Kd2 Rb6 26. Kc2 Re6
1/2-1/2

[Event "Thüringenliga 2012/2013"]
[Site "?"]
[Date "2012.11.25"]
[Round "3"]
[White "Maiwald, Harald"]
[Black "Anisheva, Varvara"]
[Result "1-0"]
[WhiteElo "1989"]
[BlackElo "1986"]
[PlyCount "91"]
[EventDate "2012.??.??"]
[WhiteTeam "TSG Apolda"]
[BlackTeam "SC 51 Nordhausen"]

1. Nf3 Nf6 2. g3 g6 3. Bg2 Bg7 4. O-O O-O 5. d4 d6 6. c4 Nbd7 7. Nc3 e5 8. e4
exd4 9. Nxd4 Nb6 10. b3 Bg4 11. f3 Bd7 12. Bg5 Qc8 13. Rc1 Bh3 14. Nd5 Nfxd5
15. cxd5 Bxg2 16. Kxg2 Qd7 17. Rf2 Rae8 18. Rfc2 Na8 19. Qd3 a6 20. Be3 Qe7 21.
b4 Bxd4 22. Bxd4 f5 23. e5 dxe5 24. Bc5 Qd7 25. Bxf8 Kxf8 26. Qc4 Kg7 27. Qc5
Rd8 28. Rd2 b6 29. Qc6 Qe7 30. a3 e4 31. Re2 Qg5 32. fxe4 fxe4 33. Qc3+ Kg8 34.
Qe3 Qxd5 35. Qxe4 Qxe4+ 36. Rxe4 b5 37. Re7 Rd2+ 38. Kf3 Rd8 39. Rc6 Rf8+ 40.
Ke4 Rc8 41. Rxa6 Nb6 42. Ra7 Nc4 43. Rexc7 Rxc7 44. Rxc7 Nxa3 45. Rc3 Nb1 46.
Rd3 1-0

[Event "Thüringenliga 2012/2013"]
[Site "?"]
[Date "2012.11.25"]
[Round "3"]
[White "Königsmann, Marcus"]
[Black "Schmidt, Matthias"]
[Result "1-0"]
[WhiteElo "1907"]
[BlackElo "1946"]
[PlyCount "63"]
[EventDate "2012.??.??"]
[WhiteTeam "SC 51 Nordhausen"]
[BlackTeam "TSG Apolda"]

1. e4 e6 2. d4 d5 3. Nc3 Bb4 4. e5 Qd7 5. a3 Bf8 6. f4 b6 7. Bb5 c6 8. Bd3 Ba6
9. Nf3 Bxd3 10. Qxd3 h5 11. Nd1 Nh6 12. Ne3 g6 13. O-O c5 14. c4 dxc4 15. Qxc4
Ng4 16. Rd1 cxd4 17. Nxg4 hxg4 18. Nxd4 Bc5 19. b4 Bxd4+ 20. Rxd4 Qc6 21. Qd3
Nd7 22. Be3 Rc8 23. Rd1 Nb8 24. f5 Qc7 25. fxe6 Nc6 26. exf7+ Kf8 27. Rd6 Nxe5
28. Qd5 Nxf7 29. Rf1 Rh5 30. Qe6 Rf5 31. Rxf5 gxf5 32. Rd7 1-0

[Event "Thüringenliga 2012/2013"]
[Site "?"]
[Date "2012.11.25"]
[Round "3"]
[White "Steiger, Jürgen"]
[Black "Koksch, Robert"]
[Result "1/2-1/2"]
[WhiteElo "1980"]
[BlackElo "1934"]
[PlyCount "22"]
[EventDate "2012.??.??"]
[WhiteTeam "TSG Apolda"]
[BlackTeam "SC 51 Nordhausen"]

1. Nf3 d5 2. d4 Nf6 3. c4 c6 4. e3 e6 5. b3 Bd6 6. Bb2 O-O 7. g3 Ne4 8. Bg2 Nd7
9. O-O f5 10. Nbd2 Qe7 11. a4 Ndf6 1/2-1/2

[Event "Thüringenliga 2012/2013"]
[Site "?"]
[Date "2012.11.25"]
[Round "3"]
[White "Schilling, Rolf"]
[Black "Römer, Norbert"]
[Result "0-1"]
[WhiteElo "1956"]
[BlackElo "1881"]
[PlyCount "112"]
[EventDate "2012.??.??"]
[WhiteTeam "SC 51 Nordhausen"]
[BlackTeam "TSG Apolda"]

1. d4 Nf6 2. Nc3 d5 3. Bg5 Ne4 4. Nxe4 dxe4 5. e3 Qd5 6. Bf4 Qa5+ 7. Qd2 Qxd2+
8. Kxd2 c6 9. Bc4 Nd7 10. Ne2 Nb6 11. Bb3 Bf5 12. Ng3 Bg6 13. h4 h5 14. c4 e6
15. Kc3 Be7 16. Bc2 f5 17. f3 exf3 18. gxf3 Bf6 19. Be5 Bf7 20. Ne2 Ke7 21. e4
Bxe5 22. dxe5 g6 23. Rhg1 Nd7 24. f4 Nc5 25. exf5 exf5 26. b4 Ne6 27. c5 Nc7
28. Bb3 Rad8 29. Rad1 Rxd1 30. Rxd1 Bxb3 31. Kxb3 Nd5 32. Rd3 Kf7 33. Rd4 g5
34. fxg5 Ke6 35. Kc4 Kxe5 36. Kd3 Rd8 37. Kc4 Rf8 38. Ng3 Rd8 39. Ne2 Ne3+ 40.
Kd3 Nd5 41. Kd2 Ra8 42. Rd3 f4 43. a3 Kf5 44. b5 Kg4 45. bxc6 bxc6 46. Nd4 Re8
47. g6 Nf6 48. Ne2 Ne4+ 49. Ke1 f3 50. Rd4 fxe2 51. g7 Kf5 52. Kxe2 Nxc5+ 53.
Kf3 Ne6 54. Rd7 a5 55. Ra7 Rg8 56. Rxa5+ c5 0-1

[Event "Thüringenliga 2012/2013"]
[Site "?"]
[Date "2012.11.25"]
[Round "3"]
[White "Einax, Claus-Dieter"]
[Black "Reichardt, Hans-Ulrich"]
[Result "1/2-1/2"]
[WhiteElo "1834"]
[BlackElo "1682"]
[PlyCount "57"]
[EventDate "2012.??.??"]
[WhiteTeam "TSG Apolda"]
[BlackTeam "SC 51 Nordhausen"]

1. e4 e6 2. d4 d5 3. Nc3 Nf6 4. Bg5 Be7 5. e5 Ne4 6. Bxe7 Qxe7 7. Nxe4 dxe4 8.
c3 Nd7 9. Qc2 c5 10. Qxe4 cxd4 11. Qxd4 O-O 12. Nf3 Nb6 13. Be2 Bd7 14. O-O
Rfd8 15. Qg4 Bc6 16. Nd4 Qc5 17. Qg3 Nd5 18. Rad1 Ne7 19. Bd3 Ng6 20. f4 Rac8
21. Qf2 Ba4 22. Rde1 Be8 23. Bb1 Bb5 24. Nxb5 Qxb5 25. Rd1 Qa4 26. b3 Qe8 27.
Qxa7 Rxd1 28. Rxd1 Nxf4 29. c4 1/2-1/2

[Event "Thüringenliga 2012/2013"]
[Site "?"]
[Date "2012.11.25"]
[Round "3"]
[White "Hüllenhagen, Andreas"]
[Black "Krug, Klaus-Peter"]
[Result "1-0"]
[WhiteElo "1657"]
[BlackElo "1895"]
[PlyCount "147"]
[EventDate "2012.??.??"]
[WhiteTeam "SC 51 Nordhausen"]
[BlackTeam "TSG Apolda"]

1. d4 c5 2. e3 Nf6 3. Nf3 b6 4. Bd3 Bb7 5. Nbd2 e6 6. O-O Be7 7. c3 d6 8. e4
Nbd7 9. Re1 O-O 10. Nf1 Kh8 11. Ng3 cxd4 12. cxd4 Rc8 13. Bd2 Ne8 14. Qe2 g6
15. Rac1 Bf6 16. Ba6 Rb8 17. Rc2 Nc7 18. Bxb7 Rxb7 19. Rec1 Nb8 20. Bh6 Bg7 21.
Qd2 Nca6 22. h4 Rc7 23. h5 Rxc2 24. Rxc2 Qd7 25. Bxg7+ Kxg7 26. h6+ Kg8 27. Qc3
f6 28. b4 Rf7 29. e5 Nc7 30. Ne4 dxe5 31. dxe5 Nd5 32. Qd2 Nc6 33. a3 Nxe5 34.
Nxe5 fxe5 35. Ng5 Rf5 36. g4 Rf8 37. b5 Rc8 38. Qc1 Rxc2 39. Qxc2 Nf4 40. Qe4
Qd5 41. Kh2 Qxe4 42. Nxe4 Nd5 43. Kg3 Kf7 44. Kh4 Ke7 45. Kg5 Nf4 46. a4 Nd5
47. f3 Nf4 48. Kh4 Ng2+ 49. Kg3 Nf4 50. Ng5 Ne2+ 51. Kf2 Nc3 52. Nxh7 Nxa4 53.
Ng5 Kf8 54. Nxe6+ Kg8 55. g5 Nc3 56. Nc7 Kf7 57. Ke3 Nb1 58. Ke4 Nd2+ 59. Ke3
Nc4+ 60. Ke4 Nd2+ 61. Kxe5 Nxf3+ 62. Kf4 Nd4 63. Ke4 Nf5 64. Nd5 Nd6+ 65. Ke5
Nxb5 66. Nf4 Nc7 67. Kd6 Na8 68. Ne6 Kg8 69. Kc6 a5 70. Kb5 Kh7 71. Kc6 Kh8 72.
Nd4 Kg8 73. Nb5 a4 74. Kb7 1-0

[Event "Thüringenliga 2012/2013"]
[Site "?"]
[Date "2012.11.25"]
[Round "3"]
[White "Kottwitz, Daniel"]
[Black "Kosowski, Todor"]
[Result "1/2-1/2"]
[WhiteElo "1887"]
[BlackElo "2181"]
[PlyCount "40"]
[EventDate "2012.??.??"]
[WhiteTeam "Schachzirkel Elstertal Langenberg"]
[BlackTeam "SG Arnstadt-Stadtilm"]

1. e4 c5 2. Nf3 d6 3. c4 Nf6 4. Nc3 g6 5. d4 cxd4 6. Nxd4 Bg7 7. Be2 O-O 8. O-O
Nc6 9. Be3 Bd7 10. f3 a6 11. Qd2 Rc8 12. Rac1 Qa5 13. Rfd1 Rfd8 14. Nb3 Qh5 15.
Na4 Be6 16. Nb6 Rb8 17. Nd5 Nd7 18. Nf4 Qe5 19. Nd3 Qh5 20. Nf4 Qe5 1/2-1/2

[Event "Thüringenliga 2012/2013"]
[Site "?"]
[Date "2012.11.25"]
[Round "3"]
[White "Buring, Matthias"]
[Black "Sobolevsky, Leonid"]
[Result "0-1"]
[WhiteElo "2063"]
[BlackElo "2141"]
[PlyCount "72"]
[EventDate "2012.??.??"]
[WhiteTeam "SG Arnstadt-Stadtilm"]
[BlackTeam "Schachzirkel Elstertal Langenberg"]

1. d4 Nf6 2. c4 e6 3. a3 d5 4. Nc3 Nbd7 5. Nf3 a6 6. cxd5 exd5 7. Bg5 c6 8. e3
Bd6 9. Bd3 h6 10. Bh4 O-O 11. O-O Re8 12. Qc2 g5 13. Bg3 Bxg3 14. hxg3 Qe7 15.
Nd2 c5 16. Rae1 b5 17. e4 c4 18. Nxd5 Nxd5 19. exd5 Qxe1 20. Rxe1 Rxe1+ 21. Bf1
Nf6 22. b3 Bg4 23. Nf3 Bxf3 24. gxf3 cxb3 25. Qc3 Rae8 26. d6 Rb1 27. d5 b2 28.
d7 Nxd7 29. Qc2 Ree1 30. Qc8+ Nf8 31. d6 Rxf1+ 32. Kg2 Rg1+ 33. Kh3 h5 34. f4
Rh1+ 35. Kg2 g4 36. f3 Rbg1+ 0-1

[Event "Thüringenliga 2012/2013"]
[Site "?"]
[Date "2012.11.25"]
[Round "3"]
[White "Watzke, Birger"]
[Black "Sauer, Marko"]
[Result "1-0"]
[WhiteElo "2154"]
[BlackElo "1978"]
[PlyCount "117"]
[EventDate "2012.??.??"]
[WhiteTeam "Schachzirkel Elstertal Langenberg"]
[BlackTeam "SG Arnstadt-Stadtilm"]

1. c4 e5 2. g3 c6 3. Nf3 e4 4. Nd4 d5 5. cxd5 Qxd5 6. e3 Nf6 7. Nc3 Qe5 8. Bg2
c5 9. Nde2 a6 10. Nxe4 Nxe4 11. Qa4+ Bd7 12. Qxe4 Qxe4 13. Bxe4 Bc6 14. Nc3
Bxe4 15. Nxe4 Nc6 16. d3 f5 17. Nc3 O-O-O 18. Ke2 Be7 19. b3 Bf6 20. Bb2 Rhe8
21. Na4 Bxb2 22. Nxb2 b6 23. Rhc1 Kb7 24. Rc3 g5 25. f3 Re6 26. Kf2 Ne5 27. Rd1
Rh6 28. Kg2 g4 29. f4 Nf3 30. Rh1 Re6 31. Nd1 Red6 32. Nf2 h5 33. h3 Re6 34.
hxg4 hxg4 35. e4 fxe4 36. Nxg4 Nd4 37. dxe4 Rxe4 38. Rh7+ Kc6 39. Re3 Rde8 40.
Kf2 Nf5 41. Rxe4 Rxe4 42. Rf7 Nd6 43. Rf6 c4 44. Ne5+ Kd5 45. Nxc4 Nxc4 46.
bxc4+ Rxc4 47. Rxb6 Rc2+ 48. Kf3 Rxa2 49. f5 Ke5 50. Kg4 a5 51. Kg5 a4 52. Re6+
Kd5 53. Ra6 a3 54. f6 Ke5 55. f7 Rf2 56. Kg6 Rf3 57. g4 a2 58. Rxa2 Ke6 59. g5
1-0

[Event "Thüringenliga 2012/2013"]
[Site "?"]
[Date "2012.11.25"]
[Round "3"]
[White "Schätz, Bianca"]
[Black "Frommelt, Hans-Jürgen"]
[Result "1/2-1/2"]
[WhiteElo "1892"]
[BlackElo "1965"]
[PlyCount "115"]
[EventDate "2012.??.??"]
[WhiteTeam "SG Arnstadt-Stadtilm"]
[BlackTeam "Schachzirkel Elstertal Langenberg"]

1. e4 c5 2. Nf3 d6 3. d4 cxd4 4. Nxd4 Nf6 5. Nc3 e5 6. Nb3 Be7 7. Be2 O-O 8.
Be3 Be6 9. O-O Nc6 10. f4 exf4 11. Rxf4 Ne5 12. Nd4 Nfd7 13. Nxe6 fxe6 14.
Rxf8+ Nxf8 15. Qf1 a6 16. a4 Qc7 17. Rc1 Nfg6 18. g3 Rc8 19. Qh3 Nf8 20. Bd4
Bf6 21. Bxe5 Bxe5 22. Bg4 Re8 23. Rf1 Qb6+ 24. Kh1 Qxb2 25. Ne2 Qxc2 26. Qg2
Qxa4 27. Qf3 Qd7 28. Bh5 g6 29. Bg4 Qg7 30. Nc1 Re7 31. Qb3 Rf7 32. Bxe6 Nxe6
33. Qxe6 Qf8 34. Nd3 Kg7 35. Rc1 Rf1+ 36. Kg2 Rxc1 37. Nxc1 Qf7 38. Qc8 a5 39.
Nd3 a4 40. Nxe5 dxe5 41. Qc5 Qa2+ 42. Kh3 Qe6+ 43. Kg2 Kf7 44. Qc7+ Qe7 45.
Qc4+ Kf6 46. Qxa4 h5 47. Qb5 Qc7 48. Qd3 Kg7 49. h4 Qc6 50. Kf3 b5 51. Qb3 Qd7
52. Qc2 b4 53. Ke3 Qd4+ 54. Ke2 Kh7 55. Qc7+ Kh6 56. Qc1+ Kg7 57. Qc7+ Kf6 58.
Qc6+ 1/2-1/2

[Event "Thüringenliga 2012/2013"]
[Site "?"]
[Date "2012.11.25"]
[Round "3"]
[White "Streit, Michael"]
[Black "Bächer, Reinhard"]
[Result "1-0"]
[WhiteElo "1893"]
[BlackElo "1852"]
[PlyCount "75"]
[EventDate "2012.??.??"]
[WhiteTeam "Schachzirkel Elstertal Langenberg"]
[BlackTeam "SG Arnstadt-Stadtilm"]

1. e4 c6 2. d4 d5 3. e5 Bf5 4. Nf3 e6 5. Bd3 Bxd3 6. Qxd3 Qa5+ 7. c3 Qa6 8.
Qxa6 Nxa6 9. b4 Nc7 10. O-O a5 11. bxa5 Rxa5 12. Nbd2 Ra4 13. Nb3 Nb5 14. Bd2
Ba3 15. Na5 Bb2 16. Rab1 Rxa2 17. Nxb7 Ne7 18. Nd6+ Nxd6 19. exd6 Nc8 20. Ne5
Nxd6 21. Bc1 f6 22. Nxc6 Bxc3 23. Rb8+ Kd7 24. Rxh8 Kxc6 25. Be3 Bd2 26. Bxd2
Rxd2 27. Rc1+ Kd7 28. Rxh7 Ne8 29. Rh4 f5 30. Kf1 Nf6 31. Ra1 g5 32. Rh6 Rxf2+
33. Kg1 Ne4 34. Ra7+ Kd6 35. Ra6+ Kc7 36. Rh7+ Kb8 37. Rb6+ Kc8 38. Rxe6 1-0

[Event "Thüringenliga 2012/2013"]
[Site "?"]
[Date "2012.11.25"]
[Round "3"]
[White "Marufke, Kai"]
[Black "Streit, Jürgen"]
[Result "1-0"]
[WhiteElo "1862"]
[BlackElo "1710"]
[PlyCount "61"]
[EventDate "2012.??.??"]
[WhiteTeam "SG Arnstadt-Stadtilm"]
[BlackTeam "Schachzirkel Elstertal Langenberg"]

1. e4 c5 2. f4 e6 3. Nf3 Nc6 4. Bb5 Nge7 5. O-O a6 6. Bxc6 Nxc6 7. c3 d5 8.
exd5 Qxd5 9. d3 Be7 10. Be3 O-O 11. d4 Rd8 12. Qe1 b5 13. dxc5 Bxc5 14. Nbd2
Bb7 15. Nb3 Be7 16. Bb6 Re8 17. Rd1 Qh5 18. Qf2 Nd8 19. Rd2 Bd5 20. Na5 Rb8 21.
Ne5 Ba8 22. Bc5 Bxc5 23. Qxc5 Nb7 24. Nxb7 Bxb7 25. Qa7 Bd5 26. g4 Qh3 27.
Qxf7+ Kh8 28. Qa7 Rf8 29. Qf2 Rbc8 30. Rd3 Rc7 31. Rxh3 1-0

[Event "Thüringenliga 2012/2013"]
[Site "?"]
[Date "2012.11.25"]
[Round "3"]
[White "Schaudin, Andreas"]
[Black "Schumacher, Andreas"]
[Result "1/2-1/2"]
[WhiteElo "1583"]
[BlackElo "1686"]
[PlyCount "61"]
[EventDate "2012.??.??"]
[WhiteTeam "Schachzirkel Elstertal Langenberg"]
[BlackTeam "SG Arnstadt-Stadtilm"]

1. Nf3 Nf6 2. b3 g6 3. Bb2 Bg7 4. e3 O-O 5. Be2 d6 6. O-O e5 7. c4 Nc6 8. d4
Nd7 9. d5 Ne7 10. Nbd2 f5 11. e4 Nf6 12. Bd3 f4 13. h3 h6 14. Nh2 g5 15. Be2
Qe8 16. Ng4 Ng6 17. Nxf6+ Rxf6 18. Bg4 Qf8 19. Bxc8 Rxc8 20. Nf3 Qe7 21. Nh2
Nh4 22. Qh5 Rcf8 23. Ng4 R6f7 24. Bc3 Kh7 25. f3 Rg8 26. Be1 Ng6 27. Bf2 b6 28.
Rac1 Qd7 29. Rc2 a5 30. Rfc1 Rgf8 31. Kh2 1/2-1/2

[Event "Thüringenliga 2012/2013"]
[Site "?"]
[Date "2012.11.25"]
[Round "3"]
[White "Maaz, Ernst"]
[Black "Janisch, Manfred"]
[Result "1-0"]
[WhiteElo "1867"]
[BlackElo "1774"]
[PlyCount "59"]
[EventDate "2012.??.??"]
[WhiteTeam "SG Arnstadt-Stadtilm"]
[BlackTeam "Schachzirkel Elstertal Langenberg"]

1. d4 d5 2. e3 Nf6 3. Nf3 e6 4. Nbd2 c6 5. Ne5 Be7 6. Bd3 Qc7 7. O-O O-O 8. f4
c5 9. c3 b6 10. Rf3 g6 11. h4 Bb7 12. Rh3 Ne4 13. h5 Bf6 14. Qg4 Bxe5 15. fxe5
f5 16. exf6 Nxf6 17. Qxe6+ Kg7 18. hxg6 Bc8 19. Qe5 Qxe5 20. dxe5 Bxh3 21.
exf6+ Rxf6 22. gxh3 hxg6 23. e4 Nd7 24. exd5 Raf8 25. Ne4 Rf3 26. Be2 R3f5 27.
Ng5 Re8 28. Ne6+ Kf6 29. c4 Re7 30. Bg4 1-0

[Event "Thüringenliga 2012/2013"]
[Site "?"]
[Date "2012.11.25"]
[Round "3"]
[White "Mehlhorn, Uwe"]
[Black "Siebarth, Raiko"]
[Result "1/2-1/2"]
[WhiteElo "2104"]
[BlackElo "2269"]
[PlyCount "99"]
[EventDate "2012.??.??"]
[WhiteTeam "Ilmenauer SV"]
[BlackTeam "SG Blau-Weiß Stadtilm"]

1. Nf3 g6 2. e4 Bg7 3. d4 d6 4. Nc3 Nf6 5. Be2 O-O 6. O-O Nbd7 7. e5 Ne8 8. Bg5
h6 9. Bh4 Nb6 10. h3 c6 11. Re1 Bf5 12. g4 Be6 13. Bd3 dxe5 14. Nxe5 Nc7 15.
Ne2 Nd7 16. Nf4 Nxe5 17. dxe5 g5 18. Nxe6 Nxe6 19. Bg3 Qb6 20. Qf3 Nc5 21. Bc4
e6 22. b3 Rad8 23. h4 Na6 24. hxg5 hxg5 25. Bxa6 bxa6 26. Rad1 a5 27. a4 Qc5
28. Qe4 Qb4 29. Qe2 Rd5 30. c4 Rxd1 31. Qxd1 Qb6 32. Re3 Rd8 33. Rd3 Rxd3 34.
Qxd3 Bf8 35. Kg2 Be7 36. f3 Kg7 37. f4 gxf4 38. Bxf4 Qd8 39. Qxd8 Bxd8 40. Bd2
Bc7 41. Bc3 c5 42. Kf3 Kg6 43. Kf4 Bd8 44. Be1 Bg5+ 45. Ke4 Bd8 46. Bf2 Be7 47.
Be3 Kh7 48. Kf4 Kg6 49. Kg3 Kg7 50. Bd2 1/2-1/2

[Event "Thüringenliga 2012/2013"]
[Site "?"]
[Date "2012.11.25"]
[Round "3"]
[White "Schneider, Christian"]
[Black "Töpfer, Albrecht"]
[Result "1-0"]
[WhiteElo "2202"]
[BlackElo "1932"]
[PlyCount "45"]
[EventDate "2012.??.??"]
[WhiteTeam "SG Blau-Weiß Stadtilm"]
[BlackTeam "Ilmenauer SV"]

1. e4 c5 2. Nc3 Nc6 3. Bb5 d6 4. Bxc6+ bxc6 5. d3 g6 6. Nge2 Bg7 7. O-O e5 8.
f4 exf4 9. Bxf4 Ne7 10. Qd2 O-O 11. Bh6 Be6 12. Bxg7 Kxg7 13. Qf4 f5 14. Qg3
Qc7 15. Nf4 Bg8 16. Rae1 Rae8 17. Qg5 Kh8 18. exf5 Nxf5 19. Rxe8 Rxe8 20. Nxg6+
hxg6 21. Qxg6 Ng7 22. Rf3 Be6 23. Ne4 1-0

[Event "Thüringenliga 2012/2013"]
[Site "?"]
[Date "2012.11.25"]
[Round "3"]
[White "Rempel, Patrick"]
[Black "Rätsch, Heinz"]
[Result "1-0"]
[WhiteElo "2023"]
[BlackElo "2110"]
[PlyCount "77"]
[EventDate "2012.??.??"]
[WhiteTeam "Ilmenauer SV"]
[BlackTeam "SG Blau-Weiß Stadtilm"]

1. Nf3 Nf6 2. g3 g6 3. Bg2 Bg7 4. c4 d6 5. Nc3 e5 6. O-O O-O 7. d3 c6 8. Rb1
Nh5 9. b4 f5 10. Qb3 Qf6 11. Bg5 Qf7 12. Bd2 h6 13. b5 c5 14. Ne1 Kh8 15. Nc2
Nd7 16. Ne3 Ndf6 17. Ned5 Nh7 18. e3 Ng5 19. Qa4 e4 20. Nb6 axb6 21. Qxa8 f4
22. exf4 Nf3+ 23. Bxf3 exf3 24. Qa3 Qf5 25. Kh1 Qh3 26. Rg1 Nf6 27. g4 Nxg4 28.
Rxg4 Bxg4 29. Rg1 Rf5 30. Rg3 Qf1+ 31. Rg1 Qxd3 32. Qc1 Bh5 33. Nd5 Rf8 34. Rd1
Qf5 35. Bc3 Re8 36. Bxg7+ Kxg7 37. Qc3+ Kf7 38. Nc7 Qf6 39. Qxf6+ 1-0

[Event "Thüringenliga 2012/2013"]
[Site "?"]
[Date "2012.11.25"]
[Round "3"]
[White "George, Tom"]
[Black "Falk, Kristoffer"]
[Result "1/2-1/2"]
[WhiteElo "1877"]
[BlackElo "1862"]
[PlyCount "37"]
[EventDate "2012.??.??"]
[WhiteTeam "SG Blau-Weiß Stadtilm"]
[BlackTeam "Ilmenauer SV"]

1. Nc3 c5 2. e4 e6 3. Nf3 Nc6 4. Bb5 d6 5. Bxc6+ bxc6 6. O-O Ne7 7. d3 Qc7 8.
Re1 e5 9. h3 g6 10. Be3 Bg7 11. Qd2 O-O 12. Bh6 f5 13. Bxg7 Kxg7 14. exf5 Bxf5
15. Nh2 Rf7 16. Nf1 Raf8 17. Ne3 Qd7 18. Nxf5+ Nxf5 19. Ne4 1/2-1/2

[Event "Thüringenliga 2012/2013"]
[Site "?"]
[Date "2012.11.25"]
[Round "3"]
[White "Leuner, Klaus"]
[Black "Siebarth, Marco"]
[Result "1-0"]
[WhiteElo "1871"]
[BlackElo "1975"]
[PlyCount "89"]
[EventDate "2012.??.??"]
[WhiteTeam "Ilmenauer SV"]
[BlackTeam "SG Blau-Weiß Stadtilm"]

1. d4 d5 2. c4 c6 3. Nc3 Nf6 4. Nf3 e6 5. Bg5 Be7 6. e3 Nbd7 7. a3 O-O 8. Qc2
a6 9. c5 e5 10. dxe5 Ng4 11. Bf4 g5 12. Bg3 Nxc5 13. b4 Ne6 14. h3 Nh6 15. Bd3
Ng7 16. Bxh7+ Kh8 17. Nd4 a5 18. b5 c5 19. Nde2 Nhf5 20. Bxf5 Nxf5 21. O-O Be6
22. Rfd1 d4 23. exd4 cxd4 24. Qe4 Qc7 25. Nd5 Bxd5 26. Qxf5 Be6 27. Qe4 Rad8
28. Nxd4 Bd5 29. Qg4 Qd7 30. Nf5 Qe6 31. Rd2 Bb3 32. Rxd8 Rxd8 33. Kh2 Bc2 34.
Nxe7 Qxe7 35. Qc4 Bd3 36. Qc3 Bxb5 37. Qxa5 Rd5 38. Qc3 Rd3 39. Qc8+ Kh7 40.
Qf5+ Kg7 41. e6 Bc4 42. Rc1 b5 43. exf7 Rd5 44. f8=Q+ Qxf8 45. Be5+ 1-0

[Event "Thüringenliga 2012/2013"]
[Site "?"]
[Date "2012.11.25"]
[Round "3"]
[White "Berner, Stephan"]
[Black "Schenk, Stefan"]
[Result "1-0"]
[WhiteElo "1842"]
[BlackElo "1901"]
[PlyCount "111"]
[EventDate "2012.??.??"]
[WhiteTeam "SG Blau-Weiß Stadtilm"]
[BlackTeam "Ilmenauer SV"]

1. Nc3 c5 2. e4 Nc6 3. Bb5 Nd4 4. Bc4 g6 5. d3 Bg7 6. Nge2 e6 7. Nxd4 cxd4 8.
Ne2 b5 9. Bb3 Ne7 10. O-O O-O 11. Bf4 d5 12. f3 dxe4 13. fxe4 a5 14. a4 b4 15.
Qd2 Nc6 16. Bg5 Qd7 17. Bf6 Bb7 18. Ng3 Bxf6 19. Rxf6 Qd6 20. Qh6 Ne5 21. Qg5
Nd7 22. Rf4 Qe5 23. Qh6 Nc5 24. Bc4 Ba6 25. Bxa6 Rxa6 26. Rh4 Qg7 27. Qg5 Rc8
28. b3 f6 29. Qg4 Rac6 30. Rf1 e5 31. Nf5 gxf5 32. Qxf5 Kh8 33. Rf3 Ne6 34.
Qxf6 Qxf6 35. Rxf6 Nf8 36. Rf7 R6c7 37. Rf5 Ng6 38. Rh6 Kg7 39. Rfh5 Kg8 40.
Rg5 Rxc2 41. h4 R8c7 42. Rg3 Rg7 43. Rh5 Re7 44. Rf5 Rb2 45. h5 Kg7 46. hxg6
hxg6 47. Rgg5 Rxb3 48. Rxe5 Rxd3 49. Rxe7+ Kf6 50. Rge5 b3 51. R7e6+ Kf7 52.
Rb6 Rc3 53. Rxa5 Kg7 54. Rab5 d3 55. Rd6 Rc1+ 56. Kh2 1-0